Эколого-экономический мониторинг окружающей среды: учебное пособие

Bibliographic Details
Corporate Author: Нижегородский государственный архитектурно-строительный университет
Other Authors: Найденко В. В. Валентин Васильевич, Косариков А. Н. Александр Николаевич, Губанов Л. Н. Леонид Никандрович, Афанасьева И. М. Ирина Михайловна, Иванов А. В. Александр Владимирович
Summary:Пособие посвящено рассмотрению экологических и экономических аспектов мониторинга окружающей среды, а также природоохранных программ и проектов. Предназначено для студентов бакалаврского высшего профессионального образования по специальностям 013400 «Природопользование», 330100 «Безопасность жизнедеятельности в техносфере».
Language:Russian
Published: Нижний Новгород, Изд-во НГАСУ, 2005
Subjects:
Format: Book
KOHA link:https://koha.lib.tpu.ru/cgi-bin/koha/opac-detail.pl?biblionumber=112153

MARC

LEADER 00000nam0a2200000 4500
001 112153
005 20231101215037.0
010 |a 5879413748 
035 |a (RuTPU)RU\TPU\book\121254 
090 |a 112153 
100 |a 20070323d2005 m y0rusy50 ca 
101 0 |a rus 
102 |a RU 
105 |a y j 001zy 
200 1 |a Эколого-экономический мониторинг окружающей среды  |e учебное пособие  |f В. В. Найденко [и др.]  |g Нижегородский государственный архитектурно-строительный университет 
210 |a Нижний Новгород  |c Изд-во НГАСУ  |d 2005 
215 |a 183 с. 
320 |a Библиогр.: с. 176. 
320 |a Глоссарий: с. 177-183. 
330 |a Пособие посвящено рассмотрению экологических и экономических аспектов мониторинга окружающей среды, а также природоохранных программ и проектов. Предназначено для студентов бакалаврского высшего профессионального образования по специальностям 013400 «Природопользование», 330100 «Безопасность жизнедеятельности в техносфере». 
610 1 |a окружающая среда 
610 1 |a эколого-экономические системы 
610 1 |a эколого-экономический мониторинг 
610 1 |a экология 
610 1 |a моделирование 
610 1 |a экологические проекты 
610 1 |a экологические программы 
610 1 |a экосистемы 
610 1 |a наблюдение 
610 1 |a методы наблюдения 
610 1 |a базовая информация 
610 1 |a обработка 
610 1 |a анализ 
610 1 |a квоты 
610 1 |a учебные пособия 
675 |a 504.064(075.8)  |v 3 
701 1 |a Найденко  |b В. В.  |g Валентин Васильевич 
701 1 |a Косариков  |b А. Н.  |g Александр Николаевич 
701 1 |a Губанов  |b Л. Н.  |g Леонид Никандрович 
701 1 |a Афанасьева  |b И. М.  |g Ирина Михайловна 
701 1 |a Иванов  |b А. В.  |g Александр Владимирович 
712 0 2 |a Нижегородский государственный архитектурно-строительный университет  |2 stltpush  |3 (RuTPU)RU\TPU\col\10767  |9 24923 
801 1 |a RU  |b 63413507  |c 20070323  |g PSBO 
801 2 |a RU  |b 63413507  |c 20120210  |g PSBO 
942 |c BK